[Event "Open Mediterranean 2017"]
[Site "Rijeka CRO"]
[Date "2009.12.05"]
[Round "9.49"]
[White "Soric, Romeo"]
[Black "Cabrijan, Ivan"]
[Result "1-0"]
[WhiteElo "2153"]
[BlackElo "1822"]
[PlyCount "149"]
[EventDate "2009.11.28"]
[EventType "swiss"]
[EventRounds "9"]
[EventCountry "CRO"]
[Source "lmi"]
[SourceDate "2009.11.28"]

1. Nf3 Nc6 2. g3 Nf6 3. Bg2 e5 4. d3 d5 5. O-O Be7 6. Nbd2 O-O 7. e4 h6 8. c3
a5 9. a4 Rb8 10. Re1 Be6 11. h3 Bd6 12. exd5 Bxd5 13. Ne4 Nxe4 14. dxe4 Be6 15.
Qc2 f5 16. exf5 Bxf5 17. Qb3+ Kh8 18. Nh4 Bh7 19. Be4 Qf6 20. Qc2 Bxe4 21. Rxe4
Ne7 22. Re2 g5 23. Ng2 Rf7 24. Ne3 Rbf8 25. Ng4 Qg7 26. Be3 h5 27. Nh2 Nd5 28.
Nf1 Qf6 29. Rae1 Ne7 30. Qd2 Rg8 31. b4 b6 32. bxa5 bxa5 33. Qd3 Qf5 34. Qxf5
Rxf5 35. g4 Rf7 36. c4 Bb4 37. Bd2 Nc6 38. Kg2 Rgf8 39. Bxb4 Nxb4 40. Rd1 Rf4
41. Ne3 c6 42. Rd6 e4 43. Rh6+ Kg7 44. Rxh5 Kg6 45. h4 Rxg4+ 46. Nxg4 Kxh5 47.
Rxe4 gxh4 48. f3 Nd3 49. Ne5 Nc5 50. Rg4 Rf6 51. Kh3 Nxa4 52. f4 Kh6 53. Rxh4+
Kg7 54. Rg4+ Kh7 55. Rh4+ Rh6 56. Rxh6+ Kxh6 57. Nxc6 Kg6 58. Kg4 Kf6 59. Nxa5
Nc5 60. Nc6 Ne6 61. Ne5 Nc5 62. Nf3 Ne6 63. Ng5 Nc5 64. Nf3 Nd7 65. Nd4 Nc5 66.
Kf3 Nd7 67. Ke3 Nc5 68. Ne2 Kf5 69. Kd4 Ne6+ 70. Kd5 Nd8 71. c5 Kf6 72. c6 Ne6
73. Kd6 Ng7 74. c7 Ne8+ 75. Kd7 1-0

[Event "Open Mediterranean 2017"]
[Site "Rijeka CRO"]
[Date "2009.12.05"]
[Round "9.50"]
[White "Stefan, Mario"]
[Black "Hamzic, Abid"]
[Result "1/2-1/2"]
[WhiteElo "1996"]
[BlackElo "1843"]
[PlyCount "77"]
[EventDate "2009.11.28"]
[EventType "swiss"]
[EventRounds "9"]
[EventCountry "CRO"]
[Source "lmi"]
[SourceDate "2009.11.28"]

1. e4 e5 2. Nf3 Nc6 3. Bc4 Bc5 4. c3 Qf6 5. O-O d6 6. d4 Bb6 7. Bg5 Qg6 8. dxe5
Bg4 9. Bf4 Qxe4 10. Bxf7+ Kf8 11. Bg3 Kxf7 12. Ng5+ Kg6 13. Nxe4 Bxd1 14. Rxd1
dxe5 15. Kf1 Nf6 16. f3 Rhd8 17. Na3 Kf5 18. Nxf6 gxf6 19. Ke2 Rd6 20. Nc4 Rxd1
21. Rxd1 Rd8 22. Rxd8 Nxd8 23. Nxb6 axb6 24. Bf2 Ke6 25. Kd3 b5 26. Be3 Nc6 27.
b4 Kd5 28. g4 Ne7 29. h4 b6 30. Bh6 c5 31. a3 c4+ 32. Ke3 f5 33. Bg5 f4+ 34.
Ke2 Ke6 35. Bxe7 Kxe7 36. Kf2 Kf6 37. Kg2 h6 38. Kf2 Ke6 39. Ke2 1/2-1/2